000
00241nam a2200109Ia 4500
008
220204s9999 xx 000 0 und d
082
_a
82-3
_b
STE
100
_a
Steel, Daniel
245
0
_a
Ring
260
_a
London
_b
Sphere
_c
1981
942
_c
BK
999
_c
38579
_d
38579